00608nam a2200217Ia 4500008004000000041000800040082001200048100002100060245004200081260002000123300000800143650001500151650000900166650000800175650001400183650000900197690002400206906001100230999001900241952013000260210210b1956 xxu||||| |||| 00| 0 eng d aeng a543/182 aRAMACHANDRAN (S) aText book of pre university chemistry aMadrasb-c1956 a189 auniversity aText apre achemistry abook aInorganic Chemistry a009587 c127044d127044 001040728ChemistryaALbALcInorganic Chemistryd2021-02-17g0.00l0o543/182p009587r2021-02-17 00:00:00w2021-02-17yBK